00305nam a2200097Ia 4500008004100000041000800041100002800049245008000077260003100157999001900188241105s9999 xx 000 0 und d aeng aLalbige Shivali9184144 aLandscape Policies And Design Guidelines For Urban Quarryscape Of Pune City bBNCA M Arch LA, Punec2020 c361985d361985